[Event "C.to Provinciale BG"]
[Site "Bergamo ITA"]
[Date "2002.11.08"]
[Round "5"]
[White "Mazzotti, Federico"]
[Black "Gozzini, Giambattista"]
[Result "0-1"]
[WhiteElo "1752"]
[BlackElo "1609"]
[PlyCount "79"]
[EventDate "2002.10.04"]

1. e4 e5 2. Nf3 Nc6 3. Bb5 a6 4. Ba4 Nf6 5. O-O Be7 6. Re1 b5 7. Bb3 d6 8. c3
O-O 9. d4 Bb7 10. d5 Na5 11. Bc2 c6 12. dxc6 Bxc6 13. Nbd2 Qc7 14. Nf1 Rac8 15.
Ng3 Bd7 16. Bd3 Nb7 17. a3 Nc5 18. Bc2 Bg4 19. h3 Be6 20. Ng5 d5 21. Nh5 dxe4
22. Nxf6+ Bxf6 23. Nxe4 Nxe4 24. Bxe4 Rfd8 25. Qf3 Rd6 26. Bc2 Rcd8 27. Qe4 g6
28. Qf3 Bg7 29. Bg5 R8d7 30. Qa8+ Bf8 31. Bf6 Bd5 32. Qe8 Rxf6 33. Rxe5 Re6 34.
Rxe6 Bxe6 35. Re1 Re7 36. Qa8 Qb7 37. Qd8 Qd5 38. Qb6 Qd2 39. Rd1 Qxc2 40. Rd8
0-1

[Event "C.to Provinciale BG"]
[Site "Bergamo ITA"]
[Date "2002.11.08"]
[Round "5"]
[White "Mora, Lorenzo"]
[Black "Spreafico, Fabrizio"]
[Result "1-0"]
[WhiteElo "1636"]
[BlackElo "1744"]
[PlyCount "93"]
[EventDate "2002.10.04"]

1. e4 d5 2. exd5 Nf6 3. d4 Nxd5 4. Nf3 Bg4 5. Be2 e6 6. O-O Be7 7. c4 Nb6 8. b3
c5 9. Bb2 O-O 10. Nbd2 Nc6 11. dxc5 Nd7 12. Ne4 Nxc5 13. Nxc5 Bxc5 14. Ne5 Qxd1
15. Bxd1 Nxe5 16. Bxe5 Bf5 17. Bf3 f6 18. Bg3 b6 19. Bxa8 Rxa8 20. Rfd1 e5 21.
Rd5 Kf7 22. Rad1 Ke7 23. Kf1 Be6 24. R5d2 Bb4 25. Re2 Bd6 26. f3 Ba3 27. Bf2
Rc8 28. g4 Rd8 29. Rxd8 Kxd8 30. Rc2 Bf7 31. c5 Bg6 32. cxb6 axb6 33. Bxb6+ Kd7
34. Rc7+ Kd6 35. Rxg7 Kc6 36. Bd8 f5 37. gxf5 Bxf5 38. Ra7 Bb4 39. a3 Bc5 40.
Rc7+ Kd5 41. b4 Bd6 42. Rb7 Kc4 43. Bc7 Bxc7 44. Rxc7+ Kb5 45. Rc5+ Ka4 46.
Rxe5 Bd3+ 47. Kf2 1-0

[Event "C.to Provinciale BG"]
[Site "Bergamo ITA"]
[Date "2002.11.08"]
[Round "5"]
[White "Nasoni, Paolo"]
[Black "Mora, Paolo"]
[Result "1/2-1/2"]
[WhiteElo "1741"]
[BlackElo "2056"]
[PlyCount "62"]
[EventDate "2002.10.04"]

1. c4 e5 2. Nc3 Nc6 3. Nf3 g6 4. d4 exd4 5. Nxd4 Bg7 6. Nxc6 bxc6 7. e4 d6 8.
Be2 Ne7 9. O-O c5 10. f4 O-O 11. Rf3 Be6 12. Nd5 f5 13. Bd3 Rb8 14. Nxe7+ Qxe7
15. exf5 Bxf5 16. Bxf5 Bd4+ 17. Kf1 Rxf5 18. Qe2 Qxe2+ 19. Kxe2 Bxb2 20. Rb1
Re8+ 21. Re3 Rxe3+ 22. Bxe3 Bd4 23. Rb7 Bxe3 24. Kxe3 Rf7 25. Rxa7 Re7+ 26. Kd3
Kf7 27. Ra8 Ke6 28. a4 Kd7 29. a5 Kc6 30. Rb8 Re1 31. Rh8 Ra1 1/2-1/2

[Event "C.to Provinciale BG"]
[Site "Bergamo ITA"]
[Date "2002.11.08"]
[Round "5"]
[White "Riggio, Mauro"]
[Black "Asperti, Fabio"]
[Result "1-0"]
[WhiteElo "1717"]
[BlackElo "1582"]
[PlyCount "111"]
[EventDate "2002.10.04"]

1. e4 g6 2. d4 d6 3. Nc3 Bg7 4. Be3 Nf6 5. f3 O-O 6. Qd2 c6 7. g4 b5 8. Bd3
Nbd7 9. Nh3 a5 10. Rd1 Ba6 11. Ne2 e5 12. Ng3 exd4 13. Bxd4 c5 14. Be3 Ne5 15.
O-O Qc7 16. g5 Ne8 17. Nf4 Qd8 18. Be2 Nc6 19. Nd5 Ne7 20. f4 Nxd5 21. Qxd5 Ra7
22. Bxc5 Rd7 23. c3 dxc5 24. Qxd7 Qxd7 25. Rxd7 f6 26. a4 Bc8 27. Rd8 Bh3 28.
Rfd1 bxa4 29. Bc4+ Kh8 30. Bb5 Nc7 31. Bxa4 fxg5 32. Rxf8+ Bxf8 33. fxg5 c4 34.
Rd8 Kg8 35. Bd7 Ne6 36. Bxe6+ Bxe6 37. Ra8 a4 38. Rxa4 Bc5+ 39. Kg2 Be3 40. h4
Bc1 41. Ra6 Kf7 42. Rb6 Ke7 43. Kf3 Bd7 44. Ne2 Bd2 45. Rb4 Be1 46. Rxc4 Bxh4
47. Kf4 Be1 48. Nd4 Bd2+ 49. Ke5 Bxg5 50. Nc6+ Ke8 51. Rc5 h5 52. Kd6 Bf4+ 53.
e5 h4 54. Ra5 Bxe5+ 55. Nxe5 h3 56. Ra8+ 1-0

[Event "C.to Provinciale BG"]
[Site "Bergamo ITA"]
[Date "2002.11.08"]
[Round "5"]
[White "Rota, Simone"]
[Black "Molteni, Costantino"]
[Result "1-0"]
[WhiteElo "1737"]
[BlackElo "1603"]
[PlyCount "99"]
[EventDate "2002.10.04"]

1. d4 Nf6 2. c4 e6 3. Nf3 c5 4. Nc3 d5 5. Bg5 Be7 6. dxc5 Qa5 7. Qa4+ Qxa4 8.
Nxa4 Bd7 9. Nc3 dxc4 10. Ne5 Nc6 11. Nxd7 Nxd7 12. Bxe7 Kxe7 13. e3 Nxc5 14.
Bxc4 Ne5 15. Be2 Rhd8 16. O-O Rd2 17. b3 Rc2 18. Rfc1 Rxc1+ 19. Rxc1 Rd8 20.
Rd1 Rxd1+ 21. Bxd1 Ned3 22. Kf1 a5 23. Ke2 e5 24. Bc2 Nb4 25. Bb1 b6 26. a3 Nc6
27. Bc2 Kd6 28. f3 Ke6 29. Ne4 Nxe4 30. Bxe4 f5 31. Bd3 g5 32. Bc4+ Kd6 33. Bd3
f4 34. Be4 Kc5 35. Bxc6 Kxc6 36. exf4 exf4 37. Kd3 Kd5 38. g3 fxg3 39. hxg3 h5
40. Ke3 b5 41. f4 h4 42. fxg5 h3 43. Kf3 Ke6 44. g4 Kf7 45. Kg3 h2 46. Kxh2 Kg6
47. Kg3 Kxg5 48. Kf3 a4 49. b4 Kf6 50. Ke4 1-0

[Event "C.to Provinciale BG"]
[Site "Bergamo ITA"]
[Date "2002.11.08"]
[Round "5"]
[White "Testa, Luigi"]
[Black "Gazzetta, Marco"]
[Result "1-0"]
[WhiteElo "1500"]
[BlackElo "1540"]
[PlyCount "80"]
[EventDate "2002.10.04"]

1. c4 e5 2. e4 d6 3. Nf3 f5 4. Nc3 Nf6 5. d3 Be7 6. Be2 c6 7. O-O O-O 8. Bd2
Qe8 9. a3 Na6 10. b4 Nc7 11. a4 f4 12. b5 Ne6 13. a5 Qg6 14. Nh4 Qe8 15. Nf5
Nd4 16. Nxe7+ Qxe7 17. f3 Nh5 18. Be1 Qg5 19. Kh1 Rf6 20. Rg1 Ng3+ 21. Bxg3
Qxg3 22. h3 Bxh3 23. Qe1 Bxg2+ 24. Rxg2 Rh6+ 25. Kg1 Nxf3+ 26. Bxf3 Qxf3 27.
Qf1 Qh3 28. Raa2 f3 29. Rh2 Qg3+ 30. Kh1 Rf8 31. Rxh6 gxh6 32. Qg1 Qxg1+ 33.
Kxg1 Rf4 34. bxc6 bxc6 35. a6 h5 36. Rh2 h4 37. Kf2 Kg7 38. Nb1 Kg6 39. Nd2 Kg5
40. Nxf3+ Kg4 1-0

[Event "C.to Provinciale BG"]
[Site "Bergamo ITA"]
[Date "2002.11.15"]
[Round "6"]
[White "Cammarota, Vittorio"]
[Black "Elitropi, Giorgio"]
[Result "1/2-1/2"]
[WhiteElo "1687"]
[BlackElo "1671"]
[PlyCount "122"]
[EventDate "2002.10.04"]

1. Nf3 e6 2. d4 f5 3. g3 Nf6 4. Bg2 c6 5. c3 d5 6. Qb3 Bd6 7. Bg5 Nbd7 8. Nbd2
a5 9. a4 h6 10. Bxf6 Nxf6 11. c4 O-O 12. O-O Kh7 13. h4 Ng4 14. e3 Rb8 15. Qc2
Qe8 16. Bh3 Qg6 17. Bxg4 Qxg4 18. Ne5 Bxe5 19. dxe5 Bd7 20. Qd1 Qg6 21. Kh2 Be8
22. f4 Qf7 23. Rg1 Qe7 24. cxd5 cxd5 25. Nf3 Kh8 26. Qd4 Bh5 27. Nd2 Rfc8 28.
Rac1 Qb4 29. Qxb4 axb4 30. Nb3 Be8 31. Nc5 Rc6 32. Nd3 Rbc8 33. Rxc6 Rxc6 34.
Nxb4 Rc4 35. Nd3 Bxa4 36. Rc1 Rxc1 37. Nxc1 Bd7 38. Ne2 Kg8 39. Kg1 Kf8 40. Kf2
Ke7 41. Nd4 Kd8 42. Ke2 Kc7 43. Kd2 Kb6 44. Kc3 Ka5 45. Nb3+ Kb5 46. Na1 Ka5
47. Nc2 Kb5 48. Ne1 Ka5 49. Nd3 b6 50. Nf2 Kb5 51. g4 g6 52. g5 h5 53. Nh1 Ka5
54. Ng3 Kb5 55. b4 Ka4 56. Ne2 Kb5 57. Kb3 Kc6 58. Nd4+ Kc7 59. b5 Kb7 60. Kb4
Kc7 61. Ka4 Kb7 1/2-1/2

[Event "C.to Provinciale BG"]
[Site "Bergamo ITA"]
[Date "2002.11.15"]
[Round "6"]
[White "Canova, Luca"]
[Black "Riggio, Mauro"]
[Result "1-0"]
[WhiteElo "1785"]
[BlackElo "1717"]
[PlyCount "31"]
[EventDate "2002.10.04"]

1. e4 e5 2. Nf3 Nc6 3. Bb5 a6 4. Ba4 Nf6 5. O-O Be7 6. d3 b5 7. Bb3 O-O 8. a4
Bb7 9. Nc3 b4 10. Ne2 Re8 11. Ng3 Bf8 12. Nf5 d5 13. exd5 Nxd5 14. Ng5 g6 15.
Qf3 Nce7 16. Nh6+ 1-0

[Event "C.to Provinciale BG"]
[Site "Bergamo ITA"]
[Date "2002.11.15"]
[Round "6"]
[White "Fiorona, Gianpietro"]
[Black "Nasoni, Paolo"]
[Result "1-0"]
[WhiteElo "1585"]
[BlackElo "1741"]
[PlyCount "57"]
[EventDate "2002.10.04"]

1. e4 c5 2. c3 e6 3. d4 d5 4. e5 Nc6 5. Nf3 Qb6 6. Be2 cxd4 7. cxd4 Bb4+ 8. Nc3
Nge7 9. O-O Bxc3 10. bxc3 O-O 11. Bd3 Ng6 12. Ng5 h6 13. Nh3 f5 14. Qh5 Nce7
15. Rb1 Qa5 16. Bxh6 gxh6 17. Qxh6 Rf7 18. Ng5 Rg7 19. Bb5 Qd8 20. h4 Nc6 21.
h5 Nf4 22. Nf3 Nxg2 23. Kh1 Nh4 24. Rg1 Rg4 25. Rxg4+ fxg4 26. Ng5 Qe7 27. Bd3
Nf5 28. Qg6+ Ng7 29. Qh7+ 1-0

[Event "C.to Provinciale BG"]
[Site "Bergamo ITA"]
[Date "2002.11.15"]
[Round "6"]
[White "Gazzetta, Marco"]
[Black "Molteni, Costantino"]
[Result "0-1"]
[WhiteElo "1540"]
[BlackElo "1603"]
[PlyCount "24"]
[EventDate "2002.10.04"]

1. e4 Nf6 2. d3 e5 3. f4 Nc6 4. Nf3 Bc5 5. Nxe5 Nxe5 6. fxe5 Nxe4 7. d4 Qh4+ 8.
g3 Nxg3 9. hxg3 Qxg3+ 10. Ke2 Qg4+ 11. Kd2 Qxd4+ 12. Bd3 Qf4+ 0-1

[Event "C.to Provinciale BG"]
[Site "Bergamo ITA"]
[Date "2002.11.15"]
[Round "6"]
[White "Gozzini, Giambattista"]
[Black "Asperti, Fabio"]
[Result "1/2-1/2"]
[WhiteElo "1609"]
[BlackElo "1582"]
[PlyCount "161"]
[EventDate "2002.10.04"]

1. e4 g6 2. d4 Bg7 3. Nc3 d6 4. Be3 Nf6 5. Be2 O-O 6. Qd2 c6 7. f3 b5 8. O-O-O
a5 9. Bh6 a4 10. Bxg7 Kxg7 11. e5 dxe5 12. dxe5 Qxd2+ 13. Rxd2 Nh5 14. g3 Be6
15. b3 axb3 16. axb3 Nd7 17. f4 Nc5 18. Bf3 b4 19. Na4 Nxa4 20. bxa4 Rxa4 21.
Ne2 Ra1+ 22. Kb2 Ra2+ 23. Kb1 Rfa8 24. Nc1 Ra1+ 25. Kb2 b3 26. Bxc6 R8a2+ 27.
Nxa2 Rxa2+ 28. Kb1 Bf5 29. Rc1 Ra6 30. Bb5 Rb6 31. Bd3 bxc2+ 32. Kxc2 Be6 33.
Kd1 Kf8 34. Rb1 Rxb1+ 35. Bxb1 Ng7 36. Ba2 Bg4+ 37. Ke1 Nf5 38. Kf2 h5 39. Rd8+
Kg7 40. Bb1 Nh6 41. Be4 Be6 42. Bf3 Bh3 43. Re8 e6 44. Bg2 Bf5 45. h3 Bc2 46.
Rc8 Bb1 47. Bf3 Bf5 48. Kg2 Kh7 49. Rc4 Bd3 50. Rb4 Kg7 51. g4 hxg4 52. hxg4
Bc2 53. Kg3 Bd3 54. Kh4 Bc2 55. Be4 Bd1 56. g5 Nf5+ 57. Bxf5 gxf5 58. Rb8 Bg4
59. Kg3 Bd1 60. Kf2 Bh5 61. Ke3 Bg6 62. Kd4 Bh5 63. Kc5 Bg6 64. Kd6 Bh5 65. Rb1
Bf3 66. Ke7 Bg4 67. Rh1 Bf3 68. Rh6 Bg4 69. Rf6 Bh5 70. g6 Bxg6 71. Kd6 Kh6 72.
Kc5 Kh5 73. Kd4 Kg4 74. Kc5 Kxf4 75. Kd6 Ke4 76. Rxg6 fxg6 77. Kxe6 f4 78. Kd6
f3 79. e6 f2 80. e7 f1=Q 81. e8=Q+ 1/2-1/2

[Event "C.to Provinciale BG"]
[Site "Bergamo ITA"]
[Date "2002.11.15"]
[Round "6"]
[White "Gualdi, Paolo"]
[Black "Mazzotti, Federico"]
[Result "0-1"]
[WhiteElo "1413"]
[BlackElo "1752"]
[PlyCount "50"]
[EventDate "2002.10.04"]

1. e4 c5 2. c3 d5 3. exd5 Qxd5 4. d4 Nc6 5. Nf3 Bg4 6. dxc5 Qxd1+ 7. Kxd1 e5 8.
b4 e4 9. h3 Bh5 10. g4 exf3 11. gxh5 Nf6 12. Be3 Nd5 13. Bg5 f6 14. Bh4 a5 15.
Bc4 O-O-O 16. Kc2 axb4 17. Rd1 bxc3 18. a3 Nf4 19. Nxc3 Bxc5 20. Bg3 Nd4+ 21.
Kb2 Nxh5 22. Rxd4 Rxd4 23. Be6+ Kd8 24. Nb5 Nxg3 25. Nxd4 Bxd4+ 0-1

[Event "C.to Provinciale BG"]
[Site "Bergamo ITA"]
[Date "2002.11.15"]
[Round "6"]
[White "Mora, Aldo"]
[Black "Mangili, Riccardo"]
[Result "0-1"]
[WhiteElo "1398"]
[BlackElo "1536"]
[PlyCount "70"]
[EventDate "2002.10.04"]

1. e4 c5 2. Bc4 e6 3. Nc3 Nc6 4. a3 Nf6 5. d3 Be7 6. h3 O-O 7. Nf3 a6 8. Ba2 b5
9. Ne2 d5 10. exd5 exd5 11. c3 Re8 12. O-O Bb7 13. b4 c4 14. dxc4 dxc4 15. Qxd8
Raxd8 16. Ned4 Ne4 17. Bb2 Bf6 18. Nxc6 Bxc6 19. Rac1 Nd2 20. Rfe1 Nxf3+ 21.
gxf3 Bxf3 22. Rxe8+ Rxe8 23. Bb1 g5 24. Bf5 h5 25. Rb1 g4 26. hxg4 hxg4 27. Bd7
Rd8 28. Bf5 Kg7 29. Re1 Kh6 30. Bc1+ Bg5 31. Bxg5+ Kxg5 32. Be4 Bxe4 33. Rxe4
Rd3 34. Re3 Rxe3 35. fxe3 Kf5 0-1

[Event "C.to Provinciale BG"]
[Site "Bergamo ITA"]
[Date "2002.11.15"]
[Round "6"]
[White "Mora, Paolo"]
[Black "Mora, Lorenzo"]
[Result "0-1"]
[WhiteElo "2056"]
[BlackElo "1636"]
[PlyCount "122"]
[EventDate "2002.10.04"]

1. e4 e5 2. Nf3 Nc6 3. Nc3 Nf6 4. Bb5 d6 5. d4 exd4 6. Nxd4 Bd7 7. Bxc6 Bxc6 8.
Qd3 Be7 9. Nf5 Rg8 10. O-O Qd7 11. Qd4 Qe6 12. f3 a6 13. Re1 Rd8 14. Bg5 Qe5
15. Rad1 h6 16. Nd5 Bxd5 17. Nxe7 Qxd4+ 18. Rxd4 Kxe7 19. exd5+ Kd7 20. Bxf6
gxf6 21. Rde4 Rg7 22. Re7+ Kc8 23. Kf2 Rdg8 24. g3 Kd8 25. R7e4 Rh8 26. Rf4 Rg6
27. Ree4 Rh7 28. Ke3 Rg5 29. Kd4 f5 30. Re2 h5 31. Rh4 Kd7 32. c4 c6 33. dxc6+
bxc6 34. Re3 c5+ 35. Kd3 Rg6 36. Kc2 Kc6 37. Re7 Re6 38. Rxe6 fxe6 39. g4 fxg4
40. fxg4 Rg7 41. gxh5 d5 42. cxd5+ exd5 43. h6 Rh7 44. Kd3 Kd6 45. b3 Ke6 46.
Ra4 Ke5 47. Rxa6 Rf7 48. a4 Rf3+ 49. Kc2 Rf2+ 50. Kc3 Rxh2 51. Rb6 d4+ 52. Kc4
Rc2+ 53. Kd3 Rc3+ 54. Kd2 Ke4 55. a5 Rd3+ 56. Kc2 Rc3+ 57. Kb2 Rg3 58. h7 Rh3
59. Rb7 d3 60. a6 Rh2+ 61. Kc3 Rc2# 0-1

[Event "C.to Provinciale BG"]
[Site "Bergamo ITA"]
[Date "2002.11.15"]
[Round "6"]
[White "Sala, Giovanni"]
[Black "Scarpellini, Felice"]
[Result "0-1"]
[WhiteElo "1600"]
[BlackElo "1660"]
[PlyCount "94"]
[EventDate "2002.10.04"]

1. e4 d6 2. Nf3 g6 3. d4 Bg7 4. c4 Nf6 5. Nc3 O-O 6. Be2 c6 7. O-O Bg4 8. Be3
Nbd7 9. h3 Bxf3 10. Bxf3 e5 11. d5 Nb6 12. Be2 cxd5 13. cxd5 Rc8 14. Rc1 a6 15.
a4 Nc4 16. Bxc4 Rxc4 17. b3 Rc8 18. Qd2 Qa5 19. Qb2 Qb4 20. f3 Nd7 21. Na2 Qa5
22. Qa3 Nc5 23. Bxc5 dxc5 24. b4 cxb4 25. Qxb4 Qxb4 26. Nxb4 Bh6 27. Rb1 Be3+
28. Kh2 Bd4 29. Rfc1 f5 30. Rc2 a5 31. Rxc8 Rxc8 32. Na2 b6 33. Rc1 Rc5 34.
Rxc5 bxc5 35. Nc1 c4 36. g4 fxe4 37. Kg2 e3 38. Kf1 Bb2 39. Na2 c3 40. Ke2 c2
41. Kxe3 c1=Q+ 42. Nxc1 Bxc1+ 43. Ke4 Bb2 44. d6 Kf7 45. Kd5 Ke8 46. Kc6 Kd8
47. h4 h5 0-1

[Event "C.to Provinciale BG"]
[Site "Bergamo ITA"]
[Date "2002.11.15"]
[Round "6"]
[White "Savoldelli, Dario"]
[Black "Impellizzeri, Francesco"]
[Result "0-1"]
[WhiteElo "1800"]
[BlackElo "1501"]
[PlyCount "74"]
[EventDate "2002.10.04"]

1. c4 Nf6 2. Nc3 e5 3. g3 d5 4. cxd5 Nxd5 5. Bg2 Be6 6. d3 c5 7. Nf3 f6 8. O-O
Nc6 9. Bd2 Be7 10. Rc1 O-O 11. Ne4 b6 12. Ne1 Qd7 13. Nc2 Rac8 14. Ne3 Rc7 15.
Nc3 Nxe3 16. Bxe3 Rd8 17. Qa4 Nd4 18. Qxd7 Rdxd7 19. Rfe1 Rc8 20. f4 exf4 21.
Bxf4 Bd6 22. Be3 Be5 23. Bf2 Kf7 24. e3 Nf5 25. d4 cxd4 26. exd4 Bxd4 27. Bxd4
Rxd4 28. Rcd1 Rcd8 29. Rxd4 Rxd4 30. Re2 Nd6 31. Kf2 Nc4 32. b3 Ne5 33. h3 a6
34. Ne4 Bd5 35. Nd6+ Kf8 36. Nf5 Rd3 37. Bf1 Rf3+ 0-1

[Event "C.to Provinciale BG"]
[Site "Bergamo ITA"]
[Date "2002.11.15"]
[Round "6"]
[White "Spreafico, Fabrizio"]
[Black "Biava, Pierluigi"]
[Result "1-0"]
[WhiteElo "1744"]
[BlackElo "1606"]
[PlyCount "57"]
[EventDate "2002.10.04"]

1. d4 c6 2. e4 d5 3. exd5 cxd5 4. c4 Nf6 5. Nc3 e6 6. Nf3 Be7 7. c5 Nc6 8. Bb5
O-O 9. Bf4 Bd7 10. O-O h6 11. a3 Ne8 12. b4 g5 13. Bg3 f5 14. Bxc6 bxc6 15. Be5
Ng7 16. Ne1 f4 17. a4 Qe8 18. Qd3 Nf5 19. Nc2 Bf6 20. Bxf6 Rxf6 21. b5 e5 22.
dxe5 Qxe5 23. bxc6 Bxc6 24. Rfe1 Ne3 25. fxe3 f3 26. gxf3 Kg7 27. f4 gxf4 28.
exf4 Rg6+ 29. Qxg6+ 1-0

[Event "C.to Provinciale BG"]
[Site "Bergamo ITA"]
[Date "2002.11.15"]
[Round "6"]
[White "Stefanelli, Alfredo"]
[Black "Elsido, Massimo"]
[Result "1/2-1/2"]
[WhiteElo "1756"]
[BlackElo "1585"]
[PlyCount "107"]
[EventDate "2002.10.04"]

1. d4 Nf6 2. c4 g6 3. Nc3 Bg7 4. e4 d6 5. f3 O-O 6. Be3 e5 7. Nge2 a5 8. Qd2
Nc6 9. d5 Ne7 10. g4 b6 11. h4 h5 12. Bh6 hxg4 13. Bxg7 Kxg7 14. Ng3 Nh5 15.
Nxh5+ gxh5 16. O-O-O Ng6 17. fxg4 Bxg4 18. Be2 f5 19. exf5 Bxe2 20. Nxe2 Rxf5
21. Ng3 Rf3 22. Nxh5+ Kh7 23. Rdg1 Qf8 24. Qe2 Qh6+ 25. Kb1 Raf8 26. Rg5 Rf2
27. Qe4 Rg8 28. Rhg1 Qf8 29. a3 Qf3 30. Ng3 Qxe4+ 31. Nxe4 Rf4 32. h5 Rxe4 33.
hxg6+ Kg7 34. Rh5 Rh8 35. Rxh8 Kxh8 36. Rh1+ Kg8 37. b3 b5 38. cxb5 Rd4 39. Rh7
Rxd5 40. Rxc7 Rxb5 41. Kc2 Rd5 42. Kc3 e4 43. Re7 Rd3+ 44. Kc2 d5 45. Ra7 Rg3
46. Rxa5 d4 47. Rd5 Rg2+ 48. Kd1 Rg1+ 49. Kd2 e3+ 50. Ke2 Rg2+ 51. Ke1 Rd2 52.
Re5 Rd3 53. Rd5 Rxb3 54. Rxd4 1/2-1/2

[Event "C.to Provinciale BG"]
[Site "Bergamo ITA"]
[Date "2002.11.15"]
[Round "6"]
[White "Tentori, Giulio"]
[Black "Bassis, Ivano"]
[Result "0-1"]
[WhiteElo "1570"]
[BlackElo "1768"]
[PlyCount "86"]
[EventDate "2002.10.04"]

1. e4 d5 2. exd5 Qxd5 3. Nc3 Qa5 4. d4 Nf6 5. Nf3 c6 6. Bc4 Bf5 7. Bd2 e6 8.
Qe2 Bb4 9. a3 Nbd7 10. Ne5 Nxe5 11. dxe5 Nd5 12. Bxd5 cxd5 13. Qb5+ Qxb5 14.
Nxb5 Bxd2+ 15. Kxd2 Ke7 16. Nd4 Bg6 17. f4 Be4 18. Rhg1 f6 19. Raf1 a6 20. Rf2
Rhf8 21. Rgf1 Rf7 22. g3 Raf8 23. Ke3 h5 24. c3 h4 25. f5 fxe5 26. Nxe6 hxg3
27. hxg3 Rh8 28. Ng5 Rff8 29. Nxe4 dxe4 30. Kxe4 Kf6 31. Rg2 Rd8 32. Rf3 Rh1
33. Rff2 Rdd1 34. g4 Rh4 35. Re2 Rf1 36. Kd5 Rf4 37. Rxe5 Rhxg4 38. Rxg4 Rxg4
39. Kd6 Rf4 40. Re7 Rxf5 41. Rxb7 g5 42. Re7 Rf2 43. b4 Rd2+ 0-1

[Event "C.to Provinciale BG"]
[Site "Bergamo ITA"]
[Date "2002.11.15"]
[Round "6"]
[White "Testa, Luigi"]
[Black "Rota, Simone"]
[Result "0-1"]
[WhiteElo "1500"]
[BlackElo "1737"]
[PlyCount "60"]
[EventDate "2002.10.04"]

1. c4 e6 2. Nf3 d5 3. e3 Nf6 4. d4 c6 5. cxd5 exd5 6. Nc3 Bd6 7. g3 O-O 8. Bg2
Bg4 9. O-O Nbd7 10. b3 Re8 11. Qc2 Rc8 12. Bb2 Nf8 13. a3 Ng6 14. b4 h5 15.
Rfe1 Bxf3 16. Bxf3 h4 17. Re2 hxg3 18. fxg3 Qc7 19. Rae1 Bxg3 20. hxg3 Qxg3+
21. Bg2 Nh4 22. e4 Nxg2 23. Rxg2 Qxe1+ 24. Kh2 Nxe4 25. Ne2 Re6 26. Nf4 Rh6+
27. Nh3 Qe3 28. Kh1 Rxh3+ 29. Rh2 Qe1+ 30. Kg2 Rg3# 0-1

[Event "C.to Provinciale BG"]
[Site "Bergamo ITA"]
[Date "2002.11.22"]
[Round "7"]
[White "Asperti, Fabio"]
[Black "Mangili, Riccardo"]
[Result "0-1"]
[WhiteElo "1582"]
[BlackElo "1536"]
[PlyCount "44"]
[EventDate "2002.10.04"]

1. c4 Nf6 2. Nc3 c5 3. e4 d6 4. g3 g6 5. Bg2 Bg7 6. Nge2 O-O 7. O-O Nbd7 8. d3
Rb8 9. Rb1 a6 10. Bg5 b5 11. b3 b4 12. Nd5 Nxd5 13. exd5 Re8 14. d4 Bb7 15.
dxc5 Nxc5 16. Nd4 Qd7 17. Qd2 a5 18. Rfe1 e5 19. dxe6 fxe6 20. Bh3 Bxd4 21.
Qxd4 Qc6 22. Bxe6+ Nxe6 0-1

[Event "C.to Provinciale BG"]
[Site "Bergamo ITA"]
[Date "2002.11.22"]
[Round "7"]
[White "Bassis, Ivano"]
[Black "Fiorona, Gianpietro"]
[Result "1-0"]
[WhiteElo "1768"]
[BlackElo "1585"]
[PlyCount "61"]
[EventDate "2002.10.04"]

1. e4 c5 2. Nf3 Nc6 3. Bb5 g6 4. Bxc6 bxc6 5. d4 Bg7 6. c3 cxd4 7. cxd4 Ba6 8.
Nc3 Nh6 9. Ne2 O-O 10. O-O Qb6 11. Re1 d5 12. exd5 cxd5 13. Nc3 e6 14. Na4 Qd8
15. Nc5 Bc8 16. Bf4 Nf5 17. Qa4 Qb6 18. Rac1 h6 19. Ne5 Bxe5 20. Bxe5 a6 21.
Bf6 Ra7 22. Qc2 Kh7 23. Qd2 Bd7 24. Rc3 Rb8 25. g4 Ng7 26. Rh3 h5 27. Qg5 e5
28. Nxd7 Rxd7 29. gxh5 Qe6 30. hxg6+ Kg8 31. Rh8+ 1-0

[Event "C.to Provinciale BG"]
[Site "Bergamo ITA"]
[Date "2002.11.22"]
[Round "7"]
[White "Biava, Pierluigi"]
[Black "Stefanelli, Alfredo"]
[Result "1-0"]
[WhiteElo "1606"]
[BlackElo "1756"]
[PlyCount "73"]
[EventDate "2002.10.04"]

1. e4 c5 2. f4 Nc6 3. Nf3 d6 4. c3 Nf6 5. d3 Bg4 6. Be2 Qb6 7. Na3 e6 8. Nc4
Qc7 9. Ne3 Bxf3 10. Bxf3 Be7 11. O-O O-O 12. g4 h6 13. Qe1 Nh7 14. h4 Qd8 15.
Ng2 Kh8 16. Qg3 d5 17. Rf2 d4 18. e5 dxc3 19. Bxc6 bxc6 20. bxc3 c4 21. d4 c5
22. Be3 Qa5 23. Rc1 cxd4 24. Bxd4 Bc5 25. Qe3 Ba3 26. Rcf1 Qd5 27. f5 Be7 28.
f6 Bd8 29. Nf4 Qc6 30. Nh5 g5 31. hxg5 Nxg5 32. Rh2 Kh7 33. Ng7 Kg6 34. Qg3 Rh8
35. Qh4 h5 36. gxh5+ Kh6 37. Be3 1-0

[Event "C.to Provinciale BG"]
[Site "Bergamo ITA"]
[Date "2002.11.22"]
[Round "7"]
[White "Impellizzeri, Francesco"]
[Black "Mora, Aldo"]
[Result "1-0"]
[WhiteElo "1501"]
[BlackElo "1398"]
[PlyCount "69"]
[EventDate "2002.10.04"]

1. c4 e6 2. g3 h6 3. Bg2 Nc6 4. e3 Nf6 5. Ne2 Be7 6. O-O O-O 7. d4 Nb8 8. Nbc3
d6 9. a3 a6 10. b4 Nfd7 11. Bb2 Nb6 12. Qb3 N6d7 13. Rfd1 Nc6 14. a4 Na7 15. b5
Rb8 16. Qc2 a5 17. Ba3 b6 18. Ne4 f5 19. Nd2 Bb7 20. Nf4 Rf6 21. Bxb7 Rxb7 22.
c5 Nc8 23. c6 Rb8 24. cxd7 Qxd7 25. Rac1 Bd8 26. d5 e5 27. Ne6 Rf7 28. Nf3 Ne7
29. Nxd8 Qxd8 30. Qxc7 Rf6 31. Qxd8+ Rxd8 32. Nxe5 Kh7 33. Nc6 Re8 34. Nxe7
Rxe7 35. Rc6 1-0

[Event "C.to Provinciale BG"]
[Site "Bergamo ITA"]
[Date "2002.11.22"]
[Round "7"]
[White "Mazzotti, Federico"]
[Black "Sala, Giovanni"]
[Result "0-1"]
[WhiteElo "1752"]
[BlackElo "1600"]
[PlyCount "96"]
[EventDate "2002.10.04"]

1. e4 c5 2. Nf3 d6 3. d4 cxd4 4. Qxd4 Nc6 5. Bb5 Bd7 6. Bxc6 Bxc6 7. Nc3 Nf6 8.
Be3 e5 9. Qc4 Be7 10. O-O-O Qa5 11. Bd2 O-O 12. Nh4 Bd7 13. Nd5 Qd8 14. Nxe7+
Qxe7 15. Bb4 Be6 16. Bxd6 Qxd6 17. Rxd6 Bxc4 18. f3 Rfd8 19. Rhd1 Rxd6 20. Rxd6
Be6 21. g3 Kf8 22. Ng2 Ke7 23. Rd2 Rd8 24. Ne1 Rxd2 25. Kxd2 Kd6 26. Nd3 Bc4
27. Nf2 Nd7 28. b3 Be6 29. Nd3 Nc5 30. Nf2 f6 31. c4 a5 32. Kc3 Bd7 33. a3 Ne6
34. b4 b6 35. Nd3 Ng5 36. Ne1 Bc6 37. Kd3 f5 38. exf5 Nxf3 39. Nc2 Nxh2 40. Ne3
Nf3 41. bxa5 bxa5 42. a4 Kc5 43. Nf1 e4+ 44. Kc3 Ne5 45. Ne3 h6 46. Kb3 Kd4 47.
Nc2+ Kd3 48. Ne1+ Kd2 0-1

[Event "C.to Provinciale BG"]
[Site "Bergamo ITA"]
[Date "2002.11.22"]
[Round "7"]
[White "Molteni, Costantino"]
[Black "Gozzini, Giambattista"]
[Result "0-1"]
[WhiteElo "1603"]
[BlackElo "1609"]
[PlyCount "100"]
[EventDate "2002.10.04"]

1. e4 e5 2. Nf3 Nc6 3. Bb5 a6 4. Ba4 Be7 5. O-O Nf6 6. Re1 b5 7. Bb3 d6 8. c3
O-O 9. h3 Nd7 10. d4 Bf6 11. a4 Bb7 12. d5 Ne7 13. axb5 axb5 14. Rxa8 Bxa8 15.
Na3 Qb8 16. c4 bxc4 17. Bxc4 c6 18. dxc6 Bxc6 19. Qb3 Qxb3 20. Bxb3 Nc5 21. Bc2
Rb8 22. Nc4 Nc8 23. Re3 Ba4 24. Bxa4 Nxa4 25. Nfd2 Nc5 26. Na5 Kf8 27. Ndb3
Nxb3 28. Rxb3 Rxb3 29. Nxb3 Nb6 30. Bd2 Ke8 31. Bc3 Kd7 32. Na5 Na4 33. Nc4
Nxc3 34. bxc3 Kc6 35. Kf1 d5 36. exd5+ Kxd5 37. Ne3+ Kc5 38. Ng4 Kc4 39. Ke2
Kxc3 40. Kf3 Kd3 41. Nxf6 gxf6 42. Kg4 Ke2 43. f3 Kf2 44. h4 Kxg2 45. h5 h6 46.
Kf5 Kxf3 47. Kxf6 e4 48. Kxf7 e3 49. Kg6 e2 50. Kxh6 e1=Q 0-1

[Event "C.to Provinciale BG"]
[Site "Bergamo ITA"]
[Date "2002.11.22"]
[Round "7"]
[White "Mora, Lorenzo"]
[Black "Cammarota, Vittorio"]
[Result "1-0"]
[WhiteElo "1636"]
[BlackElo "1687"]
[PlyCount "53"]
[EventDate "2002.10.04"]

1. e4 e6 2. d4 d5 3. e5 c5 4. c3 Nc6 5. Nf3 Qb6 6. Be2 Nh6 7. Bd3 Bd7 8. Bc2
cxd4 9. cxd4 Be7 10. O-O Rc8 11. Nc3 Nf5 12. Bxf5 exf5 13. Nxd5 Qd8 14. Nxe7
Qxe7 15. d5 Nb4 16. Bg5 Qc5 17. e6 fxe6 18. dxe6 Bxe6 19. Qe2 Qd5 20. Rfe1 Kf7
21. Ne5+ Kg8 22. a3 Nc6 23. Nxc6 Rxc6 24. Rad1 Qb3 25. Rd8+ Kf7 26. Rxh8 Rc2
27. Qh5+ 1-0